Statistics for Death Note Characters in Alphabetical Order

Click here to take the quiz!

General Stats

  • This quiz has been taken 218 times
  • The average score is 16 of 34

Answer Stats

HintAnswer% Correct
InvestigationL
96%
InvestigationLight
93%
PersonMisa
92%
ShinigamiRyuk
90%
ShinigamiRem
85%
InvestigationNear
82%
InvestigationMello
81%
InvestigationMatsuda
78%
InvestigationAizawa
73%
InvestigationSoichiro
69%
PersonNaomi
66%
InvestigationRaye
65%
InvestigationWatari
63%
PersonMikami
56%
InvestigationMogi
49%
PersonSayu
49%
PersonTakada
43%
PersonHiguchi
42%
InvestigationMatt
39%
ShinigamiSidoh
38%
ShinigamiGelus
36%
InvestigationUkita
36%
InvestigationAiber
30%
InvestigationWedy
28%
InvestigationGevanni
23%
PersonLind
23%
InvestigationIde
20%
PersonDemegawa
16%
PersonNamikawa
15%
InvestigationHalle
13%
PersonHideki
7%
PersonHatori
6%
InvestigationKitamura
4%
PersonYuri
3%

Score Distribution

Percentile by Number Answered

Percent of People with Each Score

Your Score History

You have not taken this quiz